Schnelles Mathe - Quiz nur ein kurzes - Quiz 23 - Statistiken

Allgemein
  • Dieses Quiz wurde 24 mal gespielt
  • Das Durchschnittsergebnis liegt bei 12 aus 15
Antwortstatistiken
Hint Antwort % Korrekt
7 56
95%
25 200
91%
11 88
91%
17 136
82%
26 208
82%
34 272
82%
49 392
82%
54 432
82%
37 296
77%
41 328
77%
69 552
77%
39 312
73%
73 584
73%
63 504
68%
67 536
59%
Keine übereinstimmenden Quizze gefunden
Verteilung der Resultate
Anzahl Personen mit jedem Resultat
Perzentil nach korrekt beantworteten Fragen
Ihre Resultats-Entwicklung
Sie haben dieses Quiz noch nicht gespielt